MARC details
| 000 -LEADER |
| fixed length control field |
01739nam a2200253 a 4500 |
| 008 - FIXED-LENGTH DATA ELEMENTS--GENERAL INFORMATION |
| fixed length control field |
110111s2003 ||||||||||||||||| || u |
| 020 ## - INTERNATIONAL STANDARD BOOK NUMBER |
| International Standard Book Number |
9793361115 |
| 050 ## - LIBRARY OF CONGRESS CALL NUMBER |
| Classification number |
QH 75 Ass |
| 100 ## - MAIN ENTRY--PERSONAL NAME |
| Personal name |
Lynam, Tim |
| 245 10 - TITLE STATEMENT |
| Title |
Assessment of the value of woodland landscape function to local communities in Gorongosa and Muanza Districts, Sofala Province, Mozambique |
| Statement of responsibility, etc. |
Tim Lynam...[and others] |
| 260 ## - PUBLICATION, DISTRIBUTION, ETC. |
| Place of publication, distribution, etc. |
Bogor, Indonesia |
| Name of publisher, distributor, etc. |
Center for International Forestry Research (CIFOR) |
| Date of publication, distribution, etc. |
2003 |
| 300 ## - PHYSICAL DESCRIPTION |
| Extent |
iv, 111p.: ill |
| 350 ## - |
| -- |
0.00 |
| 650 ## - SUBJECT ADDED ENTRY--TOPICAL TERM |
| Topical term or geographic name entry element |
CONSERVATION |
| 650 ## - SUBJECT ADDED ENTRY--TOPICAL TERM |
| Topical term or geographic name entry element |
LANDSCAPE PROTECTION |
| 650 #0 - SUBJECT ADDED ENTRY--TOPICAL TERM |
| Topical term or geographic name entry element |
BIOLOGICAL DIVERSITY CONSERVATION |
| 710 ## - ADDED ENTRY--CORPORATE NAME |
| Corporate name or jurisdiction name as entry element |
The Center for International Forestry Research (CIFOR) |
| 995 ## - |
| -- |
ANNEX COLLECTION (Main Library) |
| -- |
0.00 |
| -- |
742467 |
| -- |
CBU-MAIN LIBRARY (Kitwe) |
| -- |
1 |
| -- |
0.00 |
| -- |
QH 75 ASS |
| -- |
2 |
| -- |
AVAILABLE |
| -- |
Jan 28, 2011 |
| -- |
742467 |
| -- |
Annex Low-Usage Collection |
| 995 ## - |
| -- |
MAIN LIBRARY OPEN ACCESS |
| -- |
0.00 |
| -- |
742469 |
| -- |
CBU-MAIN LIBRARY (Kitwe) |
| -- |
1 |
| -- |
0.00 |
| -- |
QH 75 ASS |
| -- |
4 |
| -- |
AVAILABLE |
| -- |
Jan 28, 2011 |
| -- |
742469 |
| -- |
Main Library Open Access Collection |
| 995 ## - |
| -- |
ANNEX COLLECTION (Main Library) |
| -- |
0.00 |
| -- |
742468 |
| -- |
CBU-MAIN LIBRARY (Kitwe) |
| -- |
1 |
| -- |
0.00 |
| -- |
QH 75 ASS |
| -- |
3 |
| -- |
AVAILABLE |
| -- |
Jan 28, 2011 |
| -- |
742468 |
| -- |
Annex Low-Usage Collection |
| 995 ## - |
| -- |
ANNEX COLLECTION (Main Library) |
| -- |
0.00 |
| -- |
742466 |
| -- |
CBU-MAIN LIBRARY (Kitwe) |
| -- |
1 |
| -- |
0.00 |
| -- |
QH 75 ASS |
| -- |
1 |
| -- |
AVAILABLE |
| -- |
Jan 28, 2011 |
| -- |
742466 |
| -- |
Annex Low-Usage Collection |
| 995 ## - |
| -- |
ANNEX COLLECTION (Main Library) |
| -- |
0.00 |
| -- |
742471 |
| -- |
CBU-MAIN LIBRARY (Kitwe) |
| -- |
1 |
| -- |
0.00 |
| -- |
QH 75 ASS |
| -- |
6 |
| -- |
AVAILABLE |
| -- |
Jan 28, 2011 |
| -- |
742471 |
| -- |
Annex Low-Usage Collection |
| 995 ## - |
| -- |
MAIN LIBRARY OPEN ACCESS |
| -- |
0.00 |
| -- |
742470 |
| -- |
CBU-MAIN LIBRARY (Kitwe) |
| -- |
1 |
| -- |
0.00 |
| -- |
QH 75 ASS |
| -- |
5 |
| -- |
AVAILABLE |
| -- |
Jan 28, 2011 |
| -- |
742470 |
| -- |
Main Library Open Access Collection |
| 999 ## - |
| -- |
84413 |
| -- |
84413 |